| 000 | 00521nam a22001577a 4500 | ||
|---|---|---|---|
| 003 | OSt | ||
| 008 | 260626b |||||||| |||| 00| 0 eng d | ||
| 020 | _a9788170197096 | ||
| 082 |
_a631.584 _bK17O |
||
| 245 | _aOrganic Seed Production / edited by Chandan kapoor...[et al.] | ||
| 260 |
_aDelhi : _bToday & Tomorrow Printers and Publishers, _c2021. |
||
| 300 | _a391 p. | ||
| 650 | _aAgriculture and related technologies | Technology (Applied sciences) | Organic farming | ||
| 700 | _a Kapoor, Chandan | ||
| 942 |
_2ddc _cBK |
||
| 999 |
_c52365 _d52365 |
||